LEADER 01634nam 2200409 450 001 000016632 005 20070503173600.0 010 $a3-7772-7901-3 100 $a20030918d1979----km-y0itay0103----ba 101 0 $ager 102 $aDE 200 1 $aMontecassino und die Laien im 11. und 12. Jahrhundert$fvon Heinrich Dormeier$gmit einem einleitenden Beitrag Zur Geschichte Montecassinos im 11. und 12. Jahrhundert von Hartmut Hoffmann 200 1 $a1 $n0008061 210 $aStuttgart$cHiersemann$dc1979 215 $aXXXVII, 296 p.$d23 cm. 225 2 $aMonumenta Germaniae Historica. Schriften$v27 410 0$12001$aMonumenta Germaniae Historica. Schriften$v27 606 $aAbbazia benedettina di Montecassino$z11. -12. 676 $a945.62$v(21. ed.)$9Italia Centrale e Cittą del Vaticano. Regione del Lazio 700 1$aDormeier,$bHeinrich$0220662 702 1$aHoffmann,$bHartmut 801 0$aIT$bUniversitą della Basilicata - B.I.A.$gRICA$2unimarc 912 $a000016632 996 $aMontecassino und die Laien im 11. und 12. Jahrhundert$981630 997 $aUNIBAS BAS $aMONLET BAS $aLETTERE CAT $aSTD030$b01$c20030918$lBAS01$h1203 CAT $aSTD030$b01$c20030918$lBAS01$h1210 CAT $c20050601$lBAS01$h1755 CAT $abatch$b01$c20050718$lBAS01$h1053 CAT $c20050718$lBAS01$h1112 CAT $c20050718$lBAS01$h1142 CAT $c20050718$lBAS01$h1156 CAT $aBATCH$b00$c20070503$lBAS01$h1736 FMT Z30 -1$lBAS01$LBAS01$mBOOK$1BASA1$APolo Storico-Umanistico$2GEN$BCollezione generale$3IC$6091485$5L091485$820030918$f02$FPrestabile Generale